LEADER 01487nam2 22003013i 450 001 VAN0100081 005 20231129082844.338 100 $a20141204d1971 |0itac50 ba 101 $aita 102 $aIT 105 $a|||| ||||| 200 1 $aˆ23: La ‰compravendita$fDomenico Rubino 205 $aRistampa della 2. ed. riveduta e ampliata 210 $aMilano$cGiuffrè$d1971 215 $aXVI, 1150 p.$d25 cm 316 $aSala consultazione - Scaffale 5$5IT-IT-CE0105 CONSXV.D.223 461 1$1001VAN0001362$12001 $aTrattato di diritto civile e commerciale$fgià diretto da Antonio Cicu, Francesco Messineo$gcontinuato da Luigi Mengoni$g[poi] già diretto da Antonio Cicu, Francesco Messineo, Luigi Mengoni$gcontinuato da Piero Schlesinger$1210 $aMilano$cGiuffrè$1215 $avolumi$d25 cm.$v23 606 $aVendita$3VANC030351$2SG 620 $dMilano$3VANL000284 700 1$aRubino$bDomenico$3VANV001358$0227990 712 $aGiuffrè $3VANV109181$4650 801 $aIT$bSOL$c20240216$gRICA 856 4 $u/sebina/repository/catalogazione/documenti/La compravendita_UBG 100081.pdf$zLa compravendita_UBG 100081.pdf 899 $aBIBLIOTECA DEL DIPARTIMENTO DI GIURISPRUDENZA$1IT-CE0105$2VAN00 912 $aVAN0100081 950 $aBIBLIOTECA DEL DIPARTIMENTO DI GIURISPRUDENZA$d00CONS XV.D.2 23 $e00UBG100081 20221124 Sala consultazione - Scaffale 5 996 $aCompravendita$9579649 997 $aUNICAMPANIA